US Women's Gymnastics Olympic Medalists - Statistics

General Stats
  • This quiz has been taken 25 times
  • The average score is 30 of 55
Answer Stats
Hint Answer % Correct
2012: Team Gold; Floor Gold;Beam Bronze 2016: Team Gold; AA Silver;
Floor Silver
Aly Raisman
100%
2016: Team Gold; AA Gold; Floor Gold; Vault Gold; Beam Bronze
2020: Team Silver; Beam Bronze 2024: Team Gold; AA Gold; Vault Gold; Floor Silver
Simone Biles
100%
2020: Team Silver2024: Team Gold; Floor Bronze (removal under appeal) Jordan Chiles
94%
2012: Team Gold; AA Gold2016: Team Gold Gabby Douglas
89%
1984: Team Silver;Beam Bronze Kathy Johnson
89%
2008: Beam Gold; Team Silver; AA Silver; Floor Silver Shawn Johnson
89%
2020: AA Gold; Team Silver; Bars Bronze
2024: Team Gold; AA Bronze; Bars Bronze
Sunisa Lee
89%
2004: AA Gold; Team Silver;Beam Silver Carly Patterson
83%
2012: Team Gold; Vault Silver McKayla Maroney
83%
2008: AA Gold; Team Silver;Bars Silver; Beam Silver; Floor Bronze Nastia Liukin
83%
1992: AA Silver; Beam Silver;
Team Bronze; Bars Bronze;
Floor Bronze
1996: Team Gold; Beam Gold
Shannon Miller
83%
2020: Floor Gold2024: Team Gold; Vault Bronze Jade Carey
78%
2012: Team Gold Kyla Ross
78%
2016: Team Gold; Beam Silver Laurie Hernandez
78%
2020: Vault Silver MyKayla Skinner
78%
1992: Team Bronze1996: Team Gold; Floor Bronze 2000: Team Bronze Dominique Dawes
72%
2024: Team Gold Hezly Rivera
72%
2012: Team Gold Jordyn Wieber
72%
1992: Team Bronze1996: Team Gold Kerry Strug
72%
2016: Team Gold; Bars Silver Madison Kocian
72%
1984: AA Gold; Team Silver;Vault Silver; Bars Bronze; Floor Bronze Mary Lou Retton
72%
2008: Team Silver Alicia Sacramone
67%
2008: Team Silver Bridget Sloan
67%
2008: Team Silver Chellsie Memmel
67%
1996: Team Gold Dominique Moceanu
67%
1996: Team Gold; Bars Silver2000: Team Bronze Amy Chow
61%
2004: Team Silver; Bars Bronze Courtney Kupets
61%
2020: Team Silver Grace McCallum
61%
2004: Team Silver Mohini Bhardwaj
61%
2008: Team Silver Samantha Peszek
61%
1996: Team Gold Amanda Borden
56%
2004: Team Silver Courtney McCool
50%
2000: Team Bronze Elise Ray
50%
1996: Team Gold Jaycie Phelps
50%
2004: Team Silver; Vault Silver Annia Hatch
44%
1984: Bars Gold; Team Silver;Floor Silver Julianne McNamara
44%
2000: Team Bronze Kristen Maloney
44%
2000: Team Bronze Tasha Schwikert
44%
2004: Team Silver; Bars Silver Terin Humphrey
44%
1992: Team Bronze Betty Okino
39%
1988: Beam Bronze Phoebe Mills
39%
2000: Team Bronze Jamie Dantzscher
33%
1992: Team Bronze Kim Zmeskal
33%
1984: Team Silver Tracee Talavera
33%
1992: Team Bronze Wendy Bruce
28%
1984: Team Silver Michelle Dusserre
17%
1984: Team Silver Pam Bileck
17%
1948: Team Bronze Anita Simonis
11%
1948: Team Bronze Clara Schroth
11%
1948: Team Bronze Consetta Caruccio-Lenz
11%
1948: Team Bronze Dorothy Dalton
11%
1948: Team Bronze Marian Barone
11%
1948: Team Bronze Meta Elste-Neumann
11%
1948: Team Bronze Helen Schifano
6%
1948: Team Bronze Ladislava Bakanic
6%
No matching quizzes found
Score Distribution
Percent of People with Each Score
Percentile by Number Answered
Your Score History
You have not taken this quiz